000
00306nam a22001337a 4500
008
181030b xxu||||| |||| 00| 0 eng d
020
_a
9780201771572
041
_a
eng
080
_a
510
100
_a
39
101
_a
MAT
245
_a
Elementary And Intermediate Algebra
_c
Carson,T
942
_2
udc
_c
BK
999
_c
51076
_d
51076